=LDR 00000nam 2200000 4500 =001 INLIS000000000041867 =005 20250326071714 =035 ##$$a 0010-061300000041867 =008 250326################g##########0#ind## =041 ##$$a Ind =082 ##$$a 658.15 =090 ##$$a 658, Mon m =100 #$$a Moh. Benny Alexandri =245 1#$$a Manajemen keuangan bisnis : $b teori dan soal /$c Moh. Benny Alexandri =260 ##$$a Bandung :$b Alfabeta,$c 2009 =300 ##$$a viii, 220 hlm. : $b ilus. ; $c 24 cm =650 #4$$a Manajemen Keuangan =850 ##$$a NBPNMAT =084 ##$$a 658.15 MOH m =990 ##$$a 91051/BPAP-NTB/2014 =990 ##$$a 91051/BPAP-NTB/2014